000 00850nam a2200253Ia 4500
003 OSt
005 20220923211257.0
006 a|||||r|||| 00| 0
007 ta
008 Pun
020 _a9788179141984 (hbk)
_c300
024 _a282,336
037 _b851, 12/08/2014, H.K. Prakashan
_cTextual
040 _aARTS
_cARTS
_bPun
041 _2Pun
_aPun
082 _aO153,6N371x, P8
100 _aਰਵਿੰਦਰ ਰਵੀ
_9156278
245 0 _aਐਟਸੈਟਰਾ - 1
_b ਖੋਜ ਪੱਤਰ ਤੇ ਆਲੋਚਨਾ
260 _aਚੰਡੀਗੜ
_b ਰਘਬੀਰ ਰਚਨਾ ਪ੍ਰਕਾFਨ
_c2008
300 _a227ਪੰ
_ccm.
650 _aਪੰਜਾਬੀ ਸਾਹਿਤ
942 _hO153,6N371x, P8
_cTEXL
_2CC
999 _c298069
_d298069